000 00392nam a22001697a 4500
003 OSt
008 250926b |||||||| |||| 00| 0 eng d
020 _a9781447275220
082 _a979.4 KIW
100 _aKINGSTON, Maxine Hong
245 _aWoman Warrior
250 _a1st. ed.,
260 _aLondon,
_bPan Macmillan,
_c2015,
300 _a252 p.
650 _aEnglish
942 _2ddc
_cBK
999 _c13743
_d13743